Nia Jax's WrestleMania Opponents - Statistics

General Stats
  • This quiz has been taken 10 times
  • The average score is 11 of 12
Answer Stats
WrestleMania Opponent % Correct
WrestleMania 34 Alexa Bliss
100%
WrestleMania 33 Charlotte
100%
WrestleMania 35 Natalya
100%
WrestleMania 37 Natalya
100%
WrestleMania 33 Sasha Banks
100%
WrestleMania 35 Sasha Banks
100%
WrestleMania 33 Bayley
90%
WrestleMania 35 Bayley
90%
WrestleMania 35 Beth Phoenix
80%
WrestleMania 37 Tamina
80%
WrestleMania 35 Billie Kay
70%
WrestleMania 35 Peyton Royce
70%
No matching quizzes found
Score Distribution
Percent of People with Each Score
Percentile by Number Answered
Your Score History
You have not taken this quiz